Elementary circuit properties of transistors (Record no. 23315)

000 -LEADER
fixed length control field 00727nam a22002531 4500
001 - CONTROL NUMBER
control field 23315
003 - CONTROL NUMBER IDENTIFIER
control field BD-DhUET
008 - FIXED-LENGTH DATA ELEMENTS--GENERAL INFORMATION
fixed length control field 730109s1964 nyua b 000 0 eng
040 ## - CATALOGING SOURCE
Original cataloging agency DLC
Transcribing agency DLC
Modifying agency BD-DhUET
082 ## - DEWEY DECIMAL CLASSIFICATION NUMBER
Classification number 623.8151
Item number SEA/19649
100 1# - MAIN ENTRY--PERSONAL NAME
Personal name Searle, Campbell L.
245 10 - TITLE STATEMENT
Title Elementary circuit properties of transistors
250 ## - EDITION STATEMENT
Edition statement 1st ed.
260 ## - PUBLICATION, DISTRIBUTION, ETC. (IMPRINT)
Place of publication, distribution, etc. New York
Name of publisher, distributor, etc. John Wiley & Sons
Date of publication, distribution, etc. 1964
300 ## - PHYSICAL DESCRIPTION
Extent xxi, 306 p.
Other physical details illus
Dimensions 22 cm.
490 ## - SERIES STATEMENT
Series statement Semiconductor electronics education committee books
500 ## - GENERAL NOTE
General note Volume - 3
504 ## - BIBLIOGRAPHY, ETC. NOTE
Bibliography, etc Includes bibliographies
650 #0 - SUBJECT ADDED ENTRY--TOPICAL TERM
Topical term or geographic name as entry element Circuits : Electronics : Engg.
700 ## - ADDED ENTRY--PERSONAL NAME
Personal name Boothroyd, A. R.
700 ## - ADDED ENTRY--PERSONAL NAME
Personal name Angelo, E. J.
700 ## - ADDED ENTRY--PERSONAL NAME
Personal name Gray, Paul E.
942 ## - ADDED ENTRY ELEMENTS (KOHA)
Koha item type General Book
Holdings
Copy number Koha normalized classification for sorting Piece designation (barcode) Source of classification or shelving scheme Koha full call number Shelving location Price effective from Koha item type Not for loan Withdrawn status Sublocation or collection (holding branch) Location (home branch) Date acquired Lost status Damaged status Koha date last seen
1623_815100000000000_SEA_196435735 623.8151/SEA/1964Circulation section2015-05-03General Book  Central Library, BUETCentral Library, BUET2015-05-03  2015-05-03
2623_815100000000000_SEA_196435749 623.8151/SEA/1964Circulation section2015-05-03General Book  Central Library, BUETCentral Library, BUET2015-05-03  2015-05-03
3623_815100000000000_SEA_196416238 623.8151/SEA/1964Circulation section2015-05-04General Book  Central Library, BUETCentral Library, BUET2015-05-04  2015-05-04
4623_815100000000000_SEA_196412507 623.8151/SEA/1964Circulation section2015-05-04General Book  Central Library, BUETCentral Library, BUET2015-05-04  2015-05-04
5623_815100000000000_SEA_196427851 623.8151/SEA/1964Circulation section2015-05-04General Book  Central Library, BUETCentral Library, BUET2015-05-04  2015-05-04
6623_815100000000000_SEA_196443533 623.8151/SEA/1964Circulation section2015-05-04General Book  Central Library, BUETCentral Library, BUET2015-05-04  2015-05-04
7623_815100000000000_SEA_196445010 623.8151/SEA/1964Circulation section2015-05-04General Book  Central Library, BUETCentral Library, BUET2015-05-04  2015-05-04
8623_815100000000000_SEA_196435742 623.8151/SEA/1964Circulation section2015-05-04General Book  Central Library, BUETCentral Library, BUET2015-05-04  2015-05-04
9623_815100000000000_SEA_196433540 623.8151/SEA/1964Circulation section2015-05-04General Book  Central Library, BUETCentral Library, BUET2015-05-04  2015-05-04